Druhotné surovinové zdroje součást národního bohatství
Guardado en:
| Autor principal: | |
|---|---|
| Formato: | Libro |
| Lenguaje: | checo |
| Publicado: |
Praha
Svoboda
1983
|
| Etiquetas: |
Sin Etiquetas, Sea el primero en etiquetar este registro!
|
MARC
| LEADER | 00000nam a2200000 4500 | ||
|---|---|---|---|
| 001 | c133862 | ||
| 005 | 20230105083810.6 | ||
| 041 | 0 | |a cze | |
| 044 | |a CZ | ||
| 245 | 1 | 0 | |a Druhotné surovinové zdroje součást národního bohatství |c Arnošt Sýkora |
| 264 | 1 | |a Praha |b Svoboda |c 1983 | |
| 300 | |a 77 s. | ||
| 100 | 1 | |a Sýkora, Arnošt | |